000 00534nam a2200193Ia 4500
005 20250508160343.0
008 008 250505s9999 xx 000 0 eng d
037 _aTextual
040 _aFEDL
_beng
_cFEDL
041 _aeng
_2eng
084 _a379.11, JOH
_qFEDL
100 _aJohns Roe L
245 0 _aFinancing the public schools
260 _aEnglewood Cliffs
_b Prentice-Hall
_c1960
300 _aix,566p.
700 _a Morphet Edgar L
_9768341
942 _cTEXL
_h379.11, JOH
999 _c1363953
_d1363953